Album - Man On The Moon II : The Legend of Mr. Rager - Statistics

General Stats
  • This quiz has been taken 3 times
  • The average score is 9 of 17
Answer Stats
Songs % Correct
11 (ft. Cage, St. Vincent) MANIAC
100%
5 Marijuana
100%
2 REVOFEV
100%
10 The Mood
100%
13 (ft. Mary J. Blige) These Worries
100%
15 All Along
50%
3 (ft. Mary J. Blige) Don't Play This Song
50%
16 GHOST!
50%
6 Mojo So Dope
50%
12 Mr. Rager
50%
1 (ft. Cee-Lo) Scott Mescudi Vs. The World
50%
14 (ft. GLC, Chip tha Ripper,Nicole Wray) The End
50%
17 Trapped In My Mind
50%
7 Ashin' Kusher
0%
8 (ft. Kanye West) Erase Me (Main)
0%
4 We Aite (Wake Your Mind Up)
0%
9 Wild'n Cuz I'm Young
0%
No matching quizzes found
Score Distribution
Percent of People with Each Score
Percentile by Number Answered
Your Score History
You have not taken this quiz